QUEST Central Library Banner

Machine Tool Practices / (Record no. 16625)

MARC details
000 -LEADER
fixed length control field 01764nam a2200241 a 4500
020 ## - INTERNATIONAL STANDARD BOOK NUMBER
ISBN 0132702320 (hardcover)
020 ## - INTERNATIONAL STANDARD BOOK NUMBER
ISBN 9780132702324 (hardcover)
082 ## - DEWEY DECIMAL CLASSIFICATION NUMBER
Classification number 621.9KIB
100 1# - MAIN ENTRY--AUTHOR NAME
Personal name Kibbe, Richard R.
245 10 - TITLE STATEMENT
Title Machine Tool Practices /
250 ## - EDITION STATEMENT
Edition statement 6th ed.
260 ## - PUBLICATION, DISTRIBUTION, ETC. (IMPRINT)
Place of publication [S.l.] :
Name of publisher Prentice Hall,
Year of publication 2013.
300 ## - PHYSICAL DESCRIPTION
Number of Pages 822 p. ;
490 1# - SERIES STATEMENT
Series statement 6th edition.
520 ## - SUMMARY, ETC.
Summary, etc This richly illustrated and timely guide provides a solid background in the standard practices of machining technology, covering the core subject areas essential for today's computer numerical control (CNC) and conventional machine operators, general machinists or tool and die makers. Each section begins with an introductory overview, followed by easy-to-read instructional units designed around specific projects that accurately reflect the state of the art in industrial machine shop environments. Uses graphic explanations to demonstrate important concepts, common errors, and difficulties encountered by machinists, and integrates over 1,850 illustrations demonstrating use of tools and machines. Now expands development of trigonometry and geometry dimensions and tolerances; adds color inserts throughout highlighting shop tips, safety tips, new technology, and career tips, and; provides more insight into the processes and tools and to encourage readers pursue further research on adjunct topics. For professionals in machine processes, industrial technology, industrial mechanics, and industrial engineering.
650 ## - SUBJECT ADDED ENTRY--TOPICAL TERM
Topical Term Machine-shop practice
650 ## - SUBJECT ADDED ENTRY--TOPICAL TERM
Topical Term Machine-tools
700 1# - ADDED ENTRY--PERSONAL NAME
Personal name Neely, John E.
700 1# - ADDED ENTRY--PERSONAL NAME
Personal name Meyer, Roland O.
700 1# - ADDED ENTRY--PERSONAL NAME
Personal name White, Warren T.
856 40 - ELECTRONIC LOCATION AND ACCESS
Uniform Resource Identifier http://www.amazon.com/exec/obidos/ASIN/0132702320/chopaconline-20
942 ## - ADDED ENTRY ELEMENTS (KOHA)
Koha item type Books
Holdings
Withdrawn status Lost status Home library Current library Date acquired Cost, normal purchase price Full call number Accession Number Koha item type
    Seminar Library, Mechanical Engg. Seminar Library, Mechanical Engg. 18/07/2016 1075.00 621.9KIB 54340 Books

Copyright © 2018,The QUEST, Nawabshah, Shaheed Benazirabad. All rights reserved
Mr. G. Farooq Channar (Librarian) QUEST, Nawabshah, Sindh, Pakistan 67480.
 Ph#: |   0244-9370381-4 Ext. 2308   Email| lib@quest.edu.pk   Web|  http://www.quest.edu.pk